000 00316nam a2200121Ia 4500
008 190216s9999||||xx |||||||||||||| ||und||
100 _a"Sasikumar V,Kiranmai Dutt P,Geetha Rajeevan"
245 0 _aCourse In Listening&Speaking I With C D
260 _bFoundation
300 _a158
650 _aEnglish
942 _cBK
999 _c14424
_d14424